Mercu 3 : Hadiah Cerpen Maybank-DBP 1993 (Kategori B )
| Format: | Book |
|---|---|
| Published: |
Kuala Lumpur :
DBP ,
1995
|
| Subjects: |
MARC
| LEADER | 00000cam a2200000 7i4500 | ||
|---|---|---|---|
| 001 | 0000007417 | ||
| 002 | 000007975 | ||
| 005 | 20000330.0 | ||
| 020 | |a 9836245138 | ||
| 090 | 0 | 0 | |a F |b MER |
| 245 | 0 | 0 | |a Mercu 3 : |b Hadiah Cerpen Maybank-DBP 1993 (Kategori B ) |
| 260 | |a Kuala Lumpur : |b DBP , |c 1995 | ||
| 300 | |a 128p. ; |c 21cm. | ||
| 650 | 0 | 0 | |a Short stories |
| 999 | |a 055255 |b BUKU |c FICTION |e PERPUSTAKAAN KOMUNITI CAW KOTA DAMANSARA | ||
| 999 | |a 055256 |b BUKU |c FICTION |e PERPUSTAKAAN KOMUNITI CAW KOTA DAMANSARA | ||